Building on basics

Saved in:
Bibliographic Details
Format: Book
Language:English
Published: Paris OECD 2015
Series:Value for money in government
Subjects:
Tags: Add Tag
No Tags, Be the first to tag this record!

MARC

LEADER 00000nam a2200000 4500
001 0211396
005 20240314122743.9
020 |a 978-92-64-23504-5 
041 0 |a eng 
044 |a FR 
245 1 0 |a Building on basics 
264 1 |a Paris  |b OECD  |c 2015 
300 |a 331 s. 
490 1 |a Value for money in government 
830 0 |a Value for money in government 
610 2 0 |a správa verejná 
610 2 0 |a zamestnateľnosť 
610 2 0 |a vláda 
610 2 0 |a inštitucionalizmus 
610 2 0 |a výdavky 
610 2 0 |a príjmy 
610 2 0 |a politika 
610 2 0 |a ministerstvá 
610 2 0 |a agentúry 
610 2 0 |a vzťahy zahraničné 
610 2 0 |a reformy 
610 2 0 |a regulácia hospodárska 
610 2 0 |a riadenie finančné 
610 2 0 |a riadenie ľudských zdrojov 
610 2 0 |a technológie informačné 
610 2 0 |a technológie komunikačné 
610 2 0 |a audit interný 
610 2 0 |a reformy 
610 2 0 |a porovnanie medzinárodné